<?xml version="1.0" encoding="UTF-8"?>
<record
    xmlns:xsi="http://www.w3.org/2001/XMLSchema-instance"
    xsi:schemaLocation="http://www.loc.gov/MARC21/slim http://www.loc.gov/standards/marcxml/schema/MARC21slim.xsd"
    xmlns="http://www.loc.gov/MARC21/slim">

  <leader>01124nam a22002537a 4500</leader>
  <controlfield tag="005">20170124102929.0</controlfield>
  <datafield tag="010" ind1=" " ind2=" ">
    <subfield code="a">966758</subfield>
  </datafield>
  <datafield tag="020" ind1=" " ind2=" ">
    <subfield code="c">00.00</subfield>
  </datafield>
  <datafield tag="035" ind1=" " ind2=" ">
    <subfield code="a">966758</subfield>
  </datafield>
  <datafield tag="037" ind1=" " ind2=" ">
    <subfield code="b">Cen Lib/Ret</subfield>
  </datafield>
  <datafield tag="040" ind1=" " ind2=" ">
    <subfield code="a">DPL</subfield>
    <subfield code="b">HN</subfield>
  </datafield>
  <datafield tag="082" ind1=" " ind2=" ">
    <subfield code="a">954.02</subfield>
    <subfield code="b">&#x906;&#x930;&#x94D;&#x92F;&#x939;&#x930;</subfield>
  </datafield>
  <datafield tag="100" ind1=" " ind2=" ">
    <subfield code="a">&#x906;&#x930;&#x94D;&#x92F;, &#x939;&#x930;&#x92B;&#x942;&#x932; &#x938;&#x93F;&#x902;&#x939; </subfield>
    <subfield code="9">44594</subfield>
  </datafield>
  <datafield tag="245" ind1=" " ind2=" ">
    <subfield code="a">&#x92E;&#x927;&#x94D;&#x92F;&#x915;&#x93E;&#x932;&#x940;&#x928; &#x938;&#x92E;&#x93E;&#x91C;, &#x927;&#x930;&#x94D;&#x92E;, &#x915;&#x932;&#x93E; &#x90F;&#x935;&#x902; &#x935;&#x93E;&#x938;&#x94D;&#x924;&#x941;&#x915;&#x932;&#x93E; /</subfield>
    <subfield code="c">&#x939;&#x930;&#x92B;&#x942;&#x932; &#x938;&#x93F;&#x902;&#x939; &#x906;&#x930;&#x94D;&#x92F;</subfield>
  </datafield>
  <datafield tag="246" ind1=" " ind2=" ">
    <subfield code="a">Madhyakaleen samaj, dharam, kala ev vastukala /</subfield>
    <subfield code="b">by Harfool Singh Arya </subfield>
  </datafield>
  <datafield tag="260" ind1=" " ind2=" ">
    <subfield code="a">&#x928;&#x908; &#x926;&#x93F;&#x932;&#x94D;&#x932;&#x940; </subfield>
    <subfield code="b">&#x930;&#x93F;&#x938;&#x930;&#x94D;&#x91A; </subfield>
  </datafield>
  <datafield tag="270" ind1=" " ind2=" ">
    <subfield code="b">&#x928;&#x908; &#x926;&#x93F;&#x932;&#x94D;&#x932;&#x940; </subfield>
    <subfield code="a">44, &#x905;&#x902;&#x938;&#x93E;&#x930;&#x940; &#x930;&#x94B;&#x921;, &#x926;&#x930;&#x92F;&#x93E;&#x917;&#x902;&#x91C; </subfield>
    <subfield code="e">110002</subfield>
  </datafield>
  <datafield tag="300" ind1=" " ind2=" ">
    <subfield code="a">326&#x92A;&#x943;. </subfield>
    <subfield code="c">20&#x938;&#x947;&#x92E;&#x940;(&#x938;&#x91C;&#x93F;&#x932;&#x94D;&#x926;)</subfield>
  </datafield>
  <datafield tag="650" ind1=" " ind2=" ">
    <subfield code="a">&#x92D;&#x93E;&#x930;&#x924;&#x940;&#x92F; &#x907;&#x924;&#x93F;&#x939;&#x93E;&#x938; </subfield>
    <subfield code="9">44595</subfield>
  </datafield>
  <datafield tag="650" ind1=" " ind2=" ">
    <subfield code="a">&#x92D;&#x93E;&#x930;&#x924;&#x940;&#x92F; &#x907;&#x924;&#x93F;&#x939;&#x93E;&#x938; -- &#x935;&#x93E;&#x938;&#x94D;&#x924;&#x941;&#x915;&#x932;&#x93E;</subfield>
    <subfield code="9">6145</subfield>
  </datafield>
  <datafield tag="650" ind1=" " ind2=" ">
    <subfield code="a">Indian history </subfield>
    <subfield code="9">44596</subfield>
  </datafield>
  <datafield tag="650" ind1=" " ind2=" ">
    <subfield code="a">Indian History - Architecture</subfield>
    <subfield code="9">44597</subfield>
  </datafield>
  <datafield tag="942" ind1=" " ind2=" ">
    <subfield code="2">ddc</subfield>
    <subfield code="c">HN</subfield>
    <subfield code="h">954.02</subfield>
    <subfield code="m">&#x906;&#x930;&#x94D;&#x92F;&#x939;&#x930;</subfield>
  </datafield>
  <datafield tag="999" ind1=" " ind2=" ">
    <subfield code="c">111807</subfield>
    <subfield code="d">111807</subfield>
  </datafield>
  <datafield tag="952" ind1=" " ind2=" ">
    <subfield code="0">0</subfield>
    <subfield code="1">0</subfield>
    <subfield code="4">0</subfield>
    <subfield code="7">0</subfield>
    <subfield code="a">L</subfield>
    <subfield code="b">L</subfield>
    <subfield code="d">2015-08-05</subfield>
    <subfield code="e">Cen Lib/Ret</subfield>
    <subfield code="g">0.00</subfield>
    <subfield code="l">5</subfield>
    <subfield code="o">954.02 &#x906;&#x930;&#x94D;&#x92F;&#x939;&#x930;</subfield>
    <subfield code="p">966758</subfield>
    <subfield code="r">2022-09-24 00:00:00</subfield>
    <subfield code="s">2022-09-23</subfield>
    <subfield code="t">1</subfield>
    <subfield code="v">0.00</subfield>
    <subfield code="w">2015-08-05</subfield>
    <subfield code="y">HN</subfield>
  </datafield>
</record>
